00882nam a2200265 i 450000100060000000300090000600500170001500700030003200800410003502000180007604000220009408000230011608000210013910000190016024501300017926000310030930000300034049000290037060000370039965100560043670000440049270000180053683000290055485200330058316064ES-MaACL20230906151233.0t|000620s1998 sp ||||0| spa j a84-89569-27-4 aM-BN bspa cM-BN a929 Isabel (460) I a946.0"1474/1516"1 aLiss, Peggy K.10aIsabel la Católica / cPeggy K. Liss ; traducción de Javier Sánchez García-Gutiérrez ; corrección de Inés Azar. aMadrid : bNerea, c[1998] a383 p. : bil. ; c24 cm.1 aNerea. Serie media ; v504aIsabel bI, cReina de Castilla. aEspaña-xHistoria-y1474-1516, Reyes Católicos.1 aSánchez García-Gutiérrez, Javier.1 aAzar, Inés.0 aNerea. Serie media ; v5 aES-MaACLjL-23255 bR.128584